000
00219 a2200109 4500
020
_a
9780590905053
041
_a
spa
100
_a
Lillie, Patricia
245
_a
Cuando esta caja este llena
942
_c
BK
952
_7
1
999
_c
25325
_d
25325